[Event "B - CZECH OPEN 2016 "]
[Site "Pardubice (CZE)"]
[Date "2016.07.22"]
[Round "1.1"]
[White "Flek, Vladislav"]
[Black "Granovskiy, Alexandr"]
[Result "0-1"]
[WhiteElo "1943"]
[BlackElo "2292"]
[PlyCount "65"]
[EventDate "2016.07.22"]

1. e4 c5 2. Nf3 d6 3. d4 cxd4 4. Qxd4 Nc6 5. Bb5 Bd7 6. Bxc6 Bxc6 7. Nc3 e5 8.
Qd3 h6 9. Be3 Nf6 10. h3 Be7 11. a4 O-O 12. O-O b6 13. Rfe1 Qd7 14. a5 b5 15.
Bd2 Rab8 16. b4 Rfc8 17. Rab1 Rc7 18. Qe2 Qc8 19. Kh2 Bd7 20. Qe3 Be6 21. Rec1
a6 22. Ne1 Rc4 23. f3 Nh5 24. Ne2 Rb7 25. Qf2 d5 26. g4 Nf6 27. exd5 Nxd5 28.
c3 Rd7 29. Rb2 Qd8 30. Ng2 Nxb4 31. cxb4 Rxd2 32. Rxd2 Qxd2 33. Re1 0-1

[Event "B - CZECH OPEN 2016"]
[Site "Pardubice (CZE)"]
[Date "2016.07.22"]
[Round "1.2"]
[White "Dorst, Johannes"]
[Black "Rubes, Pavel"]
[Result "1-0"]
[WhiteElo "2215"]
[BlackElo "1941"]
[PlyCount "97"]
[EventDate "2016.07.22"]

1. e4 c6 2. d4 d5 3. Nc3 dxe4 4. Nxe4 Bf5 5. Ng3 Bg6 6. h4 h6 7. Nf3 Nd7 8. h5
Bh7 9. Bd3 Bxd3 10. Qxd3 Ngf6 11. Bd2 e6 12. O-O-O Qc7 13. Kb1 O-O-O 14. Ne4
Nxe4 15. Qxe4 Nf6 16. Qe2 Kb8 17. c4 c5 18. Bc3 Bd6 19. dxc5 Qxc5 20. Ne5 Bxe5
21. Bxe5+ Kc8 22. Rhe1 Qe7 23. Qe3 b6 24. Bd4 Qb7 25. c5 bxc5 26. Rc1 Rd5 27.
Bxc5 Kb8 28. Qg3+ Ka8 29. Qxg7 Rc8 30. Qxf6 Rdxc5 31. Rxc5 Rxc5 32. Qxh6 Qd7
33. Qf8+ Rc8 34. Qa3 Qd5 35. Qf3 Qxf3 36. gxf3 Rh8 37. Rh1 Kb7 38. Kc2 Kc6 39.
Kd3 Kd5 40. h6 Ke5 41. h7 Kf4 42. Ke2 f5 43. b4 Ke5 44. Rh5 Kd4 45. Rh4+ Ke5
46. Kd3 Kd5 47. Rh5 Ke5 48. Ke3 Kd5 49. Kf4 1-0

[Event "B - CZECH OPEN 2016"]
[Site "Pardubice (CZE)"]
[Date "2016.07.22"]
[Round "1.3"]
[White "De Coninck, Erik"]
[Black "Gantar, Jan"]
[Result "0-1"]
[WhiteElo "1940"]
[BlackElo "2215"]
[PlyCount "80"]
[EventDate "2016.07.22"]

1. f4 Nf6 2. Nf3 g6 3. e3 Bg7 4. Be2 O-O 5. O-O c5 6. d3 d5 7. Ne5 d4 8. e4
Nbd7 9. Nxd7 Bxd7 10. a4 c4 11. Nd2 cxd3 12. cxd3 b5 13. a5 Rc8 14. b4 Be6 15.
Nf3 Nxe4 16. dxe4 d3 17. Be3 dxe2 18. Qxe2 Bc4 19. Qf2 Bxf1 20. Rxf1 a6 21. Bc5
Re8 22. f5 gxf5 23. exf5 Rc6 24. Qg3 e5 25. fxe6 Rcxe6 26. Ng5 Rf6 27. Nf3 Rg6
28. Qf2 Qd5 29. Nh4 Rf6 30. Nf3 Qd3 31. Re1 Rxe1+ 32. Qxe1 Re6 33. Qd2 Qxd2 34.
Nxd2 Re2 35. Nf3 Bf8 36. Bxf8 Kxf8 37. Nd4 Re4 38. Nb3 Rxb4 39. Nc5 Rc4 40.
Nxa6 Ke7 0-1

[Event "B - CZECH OPEN 2016"]
[Site "Pardubice (CZE)"]
[Date "2016.07.22"]
[Round "1.4"]
[White "Schatz, Christian"]
[Black "Voelz, Stephan"]
[Result "1/2-1/2"]
[WhiteElo "2212"]
[BlackElo "1940"]
[PlyCount "103"]
[EventDate "2016.07.22"]

1. Nf3 Nf6 2. c4 e6 3. g3 d5 4. Bg2 c6 5. b3 Be7 6. O-O O-O 7. Bb2 Nbd7 8. d3
Re8 9. Nbd2 a5 10. a3 Rb8 11. Qc2 b6 12. e4 Nc5 13. e5 Nfd7 14. d4 Na6 15. Ne1
Bb7 16. Nd3 Rc8 17. Rad1 Qc7 18. Qb1 Red8 19. Rc1 Qb8 20. cxd5 cxd5 21. f4 Rxc1
22. Rxc1 Rc8 23. Nf3 Rxc1+ 24. Qxc1 Qc8 25. Qd2 Qf8 26. a4 Ndb8 27. Nfe1 Nc6
28. f5 Nab4 29. fxe6 fxe6 30. Bh3 Bc8 31. Bc3 Nxd3 32. Nxd3 Qf3 33. Nf4 Qe4 34.
Qd3 Qxd3 35. Nxd3 Kf7 36. Nf4 Na7 37. Kf2 g5 38. Ng2 Ba6 39. Ne3 h5 40. Bf1
Bxf1 41. Kxf1 Nc6 42. h3 Kg6 43. g4 hxg4 44. hxg4 Ba3 45. Nc2 Be7 46. Ke2 Kf7
47. Bd2 Kg6 48. Kd3 Kf7 49. Bc1 Nb4+ 50. Kc3 Nxc2 51. Kxc2 Ke8 52. Bd2 1/2-1/2

[Event "B - CZECH OPEN 2016"]
[Site "Pardubice (CZE)"]
[Date "2016.07.22"]
[Round "1.5"]
[White "Kopnicky, Frantisek"]
[Black "Ilandzis, Spyridon"]
[Result "0-1"]
[WhiteElo "1939"]
[BlackElo "2211"]
[PlyCount "30"]
[EventDate "2016.07.22"]

1. e4 d5 2. exd5 Qxd5 3. Nc3 Qa5 4. d4 Nf6 5. Bd3 Nc6 6. Bd2 Bg4 7. Nb5 Qb6 8.
f3 Bh5 9. c3 e5 10. dxe5 Nxe5 11. Be2 O-O-O 12. Qc2 Bg6 13. Qb3 Bc5 14. O-O-O
Rxd2 15. Rxd2 Bxg1 0-1

[Event "B - CZECH OPEN 2016"]
[Site "Pardubice (CZE)"]
[Date "2016.07.22"]
[Round "1.6"]
[White "Vaculik, Jakub"]
[Black "Grashuis, Aldert-Jan"]
[Result "1-0"]
[WhiteElo "2210"]
[BlackElo "1938"]
[PlyCount "117"]
[EventDate "2016.07.22"]

1. Nf3 d6 2. c4 Nf6 3. Nc3 g6 4. g3 Bg7 5. Bg2 O-O 6. O-O c5 7. a3 Nc6 8. d3
Bd7 9. h3 Rb8 10. e4 e5 11. Be3 Nd4 12. Nd2 Ne8 13. Nd5 Nc7 14. Nxc7 Qxc7 15.
Bxd4 cxd4 16. b4 f5 17. Kh2 Bh6 18. Qe2 Be6 19. exf5 gxf5 20. Nf3 Rbe8 21. Nh4
Qe7 22. Rae1 Qf7 23. Bf3 Qg7 24. Bh5 Re7 25. c5 e4 26. cxd6 Rd7 27. dxe4 Rxd6
28. exf5 Bxf5 29. Qc4+ Kh8 30. Nxf5 Rxf5 31. Re8+ Rf8 32. Rfe1 Qf6 33. f4 d3
34. Bf3 d2 35. Rxf8+ Bxf8 36. Rd1 b6 37. Kg2 Bg7 38. Qe2 Qd8 39. Qe4 Rd4 40.
Qf5 Qf6 41. Qxf6 Bxf6 42. Be2 a5 43. Kf3 axb4 44. axb4 Rd8 45. g4 Bc3 46. b5
Kg7 47. g5 Kg6 48. Rb1 Rd4 49. Bd1 Rb4 50. Bc2+ Kg7 51. Rxb4 Bxb4 52. f5 Bc3
53. Kf4 Bb2 54. f6+ Kg8 55. Kf5 Bc3 56. h4 Bb2 57. h5 Ba3 58. g6 hxg6+ 59. hxg6
1-0

[Event "B - CZECH OPEN 2016"]
[Site "Pardubice (CZE)"]
[Date "2016.07.22"]
[Round "1.7"]
[White "Bex, Lennert"]
[Black "Moroder, Stefan"]
[Result "0-1"]
[WhiteElo "1937"]
[BlackElo "2209"]
[PlyCount "76"]
[EventDate "2016.07.22"]

1. c4 Nf6 2. Nc3 e5 3. d3 d5 4. cxd5 Nxd5 5. Nf3 Nc6 6. g3 Be7 7. Bg2 Nb6 8. a3
a5 9. Na4 Be6 10. Nxb6 cxb6 11. Be3 O-O 12. O-O b5 13. d4 e4 14. Ne5 Bd5 15.
Qb1 f5 16. f3 exf3 17. Bxf3 Bxf3 18. exf3 Qd5 19. Qa2 Qxa2 20. Rxa2 Rfd8 21.
Nxc6 bxc6 22. Raa1 Bf6 23. Rac1 Rac8 24. Rfd1 a4 25. Kf2 Rd5 26. Rd2 h6 27. h4
Kf7 28. g4 Bxh4+ 29. Kg2 fxg4 30. fxg4 Bf6 31. Kf3 Ke6 32. Rdc2 Kd7 33. Rd2 Re8
34. Rb1 Rxe3+ 35. Kxe3 Bg5+ 36. Ke2 Bxd2 37. Kxd2 Rxd4+ 38. Ke2 Rxg4 0-1

[Event "B - CZECH OPEN 2016"]
[Site "Pardubice (CZE)"]
[Date "2016.07.22"]
[Round "1.8"]
[White "Marikova, Jana"]
[Black "Schoenbeck, Stephan"]
[Result "1/2-1/2"]
[WhiteElo "2202"]
[BlackElo "1937"]
[PlyCount "72"]
[EventDate "2016.07.22"]

1. d4 Nf6 2. c4 g6 3. Nc3 Bg7 4. e4 d6 5. Nf3 O-O 6. Be2 Nc6 7. O-O e5 8. d5
Ne7 9. Ne1 Nd7 10. Be3 f5 11. f3 a6 12. b4 f4 13. Bf2 g5 14. c5 Rf6 15. Nd3 Rh6
16. Qb3 Nf6 17. cxd6 cxd6 18. Rfc1 g4 19. fxg4 Nxg4 20. h3 Ne3 21. Bxe3 fxe3
22. Nd1 Ng6 23. Nxe3 Nf4 24. Bg4 Bxg4 25. Nxg4 Rg6 26. Nxf4 exf4 27. Rab1 h5
28. Nh2 Bd4+ 29. Kh1 Be3 30. Rc2 Rg3 31. Nf1 h4 32. Re1 Qg5 33. Nxg3 hxg3 34.
Rxe3 fxe3 35. Re2 Rc8 36. Qd1 Rc4 1/2-1/2

[Event "B - CZECH OPEN 2016"]
[Site "Pardubice (CZE)"]
[Date "2016.07.22"]
[Round "1.9"]
[White "Svanda, Ondrej"]
[Black "Maslak, Alexander"]
[Result "0-1"]
[WhiteElo "1935"]
[BlackElo "2195"]
[PlyCount "54"]
[EventDate "2016.07.22"]

1. c4 g6 2. Nc3 Bg7 3. g3 d6 4. Bg2 e5 5. d3 Ne7 6. e3 O-O 7. Nge2 c6 8. O-O
Be6 9. b3 Na6 10. Ba3 f5 11. Qc2 Re8 12. Rad1 d5 13. cxd5 Nxd5 14. Nxd5 cxd5
15. Qd2 Qd7 16. d4 e4 17. Nf4 Bf7 18. h4 h6 19. Rc1 g5 20. hxg5 hxg5 21. Ne2
Bh5 22. Rfe1 Bf6 23. Qa5 Bd8 24. Qc3 Kg7 25. Rc2 Rh8 26. Rec1 Bf3 27. Qd2 f4
0-1

[Event "B - CZECH OPEN 2016"]
[Site "Pardubice (CZE)"]
[Date "2016.07.22"]
[Round "1.10"]
[White "Balenovic, Zvonimir"]
[Black "Nouman, Amna"]
[Result "0-1"]
[WhiteElo "2190"]
[BlackElo "1934"]
[PlyCount "56"]
[EventDate "2016.07.22"]

1. Nf3 Nf6 2. g3 b6 3. Bg2 Bb7 4. O-O e6 5. c4 c5 6. d3 Be7 7. Nc3 O-O 8. b3 d6
9. Bb2 Qd7 10. Re1 Nc6 11. e3 Rad8 12. Qe2 Rfe8 13. Rad1 Qc8 14. d4 d5 15. cxd5
exd5 16. Ne5 cxd4 17. exd4 Nxe5 18. dxe5 Bb4 19. Qd3 Ng4 20. e6 fxe6 21. Qd4
Bxc3 22. Bxc3 e5 23. Qd2 d4 24. Bb4 Bxg2 25. Kxg2 Qc6+ 26. Kg1 e4 27. Qc1 Qf6
28. Rf1 Ne5 0-1

[Event "B - CZECH OPEN 2016"]
[Site "Pardubice (CZE)"]
[Date "2016.07.23"]
[Round "2.1"]
[White "Granovskiy, Alexandr"]
[Black "Firsova, Tetiana"]
[Result "1-0"]
[WhiteElo "2292"]
[BlackElo "2004"]
[PlyCount "127"]
[EventDate "2016.07.22"]

1. e4 g6 2. d4 Bg7 3. Nc3 d6 4. Be3 c6 5. f4 Nf6 6. h3 b5 7. e5 Nfd7 8. Qf3 b4
9. Ne4 O-O 10. Bd3 Nb6 11. Ne2 Bb7 12. O-O c5 13. dxc5 dxc5 14. Nf6+ exf6 15.
Qxb7 N8d7 16. Rad1 fxe5 17. f5 Qc8 18. Ba6 Qxb7 19. Bxb7 Rad8 20. b3 Rfe8 21.
Ng3 Bf8 22. Bc6 gxf5 23. Nxf5 Re6 24. Bb5 a6 25. Bxa6 Ra8 26. Bb5 Nf6 27. Be2
Nfd5 28. Bh5 Ra7 29. Bc1 f6 30. Rf3 Kh8 31. Rg3 e4 32. Bb2 e3 33. Re1 Nf4 34.
Rexe3 Nxh5 35. Rxe6 Nxg3 36. Rxf6 Bg7 37. Nxg7 Kxg7 38. Rxb6+ Kg8 39. Kf2 Rxa2
40. Rb8+ Kf7 41. Be5 Nf5 42. Kf3 Rxc2 43. Ke4 Ne7 44. Bd6 Nc6 45. Rc8 Rxg2 46.
Rxc6 Rb2 47. Bxc5 Rxb3 48. Be3 Rb2 49. Rc7+ Kg6 50. Rg7+ Kxg7 51. Bd4+ Kg6 52.
Bxb2 Kg5 53. Kf3 Kh4 54. Kg2 Kh5 55. Kg3 b3 56. h4 Kh6 57. Kg4 Kg6 58. Bc3 Kh6
59. Bd2+ Kg6 60. Bc1 Kg7 61. Kg5 h6+ 62. Kf5 Kf7 63. Bb2 Kg8 64. Kg6 1-0

[Event "B - CZECH OPEN 2016"]
[Site "Pardubice (CZE)"]
[Date "2016.07.23"]
[Round "2.2"]
[White "Beyer, Christof"]
[Black "Dorst, Johannes"]
[Result "0-1"]
[WhiteElo "2008"]
[BlackElo "2215"]
[PlyCount "107"]
[EventDate "2016.07.22"]

1. e4 c5 2. Nf3 e6 3. c4 Nc6 4. Nc3 Nd4 5. Be2 Ne7 6. O-O Nec6 7. Rb1 Be7 8. d3
O-O 9. Ne1 b6 10. Be3 Bb7 11. f4 f5 12. Bf3 Kh8 13. Nc2 Nxf3+ 14. Rxf3 Nb4 15.
Rh3 Nxc2 16. Qxc2 d5 17. exd5 exd5 18. cxd5 Bxd5 19. Nxd5 Qxd5 20. b3 Rad8 21.
Rd1 Bf6 22. Bf2 Rfe8 23. Re3 Rxe3 24. Bxe3 h6 25. h3 Kh7 26. Bf2 g5 27. fxg5
hxg5 28. Qc4 Qd7 29. Re1 Kg6 30. Re3 Qd5 31. Kf1 f4 32. Rf3 Qf5 33. Be1 Bd4 34.
a4 Re8 35. Bf2 Qe5 36. Qc1 Re6 37. Qc2 Bxf2 38. d4+ Qe4 39. Rxf2 cxd4 40. Qxe4+
Rxe4 41. Rc2 Kf5 42. Rc7 Re3 43. Rxa7 Ke4 44. b4 Rb3 45. b5 Kd3 46. Rb7 Kc2 47.
Rxb6 d3 48. Rc6+ Rc3 49. Rd6 d2 50. Rxd2+ Kxd2 51. Kf2 Ra3 52. b6 Rxa4 53. Kf3
Rb4 54. Kg4 0-1

[Event "B - CZECH OPEN 2016"]
[Site "Pardubice (CZE)"]
[Date "2016.07.23"]
[Round "2.3"]
[White "Gantar, Jan"]
[Black "Svoboda, Ivo"]
[Result "1-0"]
[WhiteElo "2215"]
[BlackElo "1997"]
[PlyCount "89"]
[EventDate "2016.07.22"]

1. e4 c5 2. Ne2 e6 3. Nbc3 Nc6 4. d4 cxd4 5. Nxd4 Qc7 6. g3 a6 7. Bg2 Nf6 8.
O-O Be7 9. Re1 d6 10. Nxc6 bxc6 11. e5 dxe5 12. Rxe5 O-O 13. Bf4 Bd6 14. Rxe6
Bxf4 15. Rxc6 Qe5 16. Rxf6 Qxf6 17. Bxa8 Be5 18. Be4 Bxc3 19. bxc3 Qxc3 20. Rb1
Be6 21. a4 Qc4 22. Bd3 Qxa4 23. Ra1 Qb4 24. Rxa6 g6 25. Bf1 Re8 26. c4 Bxc4 27.
Qd4 Rc8 28. Rd6 Qxd6 29. Qxd6 Bxf1 30. Kxf1 Re8 31. Kg2 h5 32. Kf3 Re6 33. Qd4
Re8 34. Kf4 Re6 35. Kg5 Kh7 36. f4 Ra6 37. Qc4 Ra5+ 38. Kf6 Rf5+ 39. Ke7 Kg7
40. Qd4+ Kg8 41. Qd8+ Kg7 42. Qf8+ Kh7 43. h4 g5 44. hxg5 h4 45. Qh6+ 1-0

[Event "B - CZECH OPEN 2016"]
[Site "Pardubice (CZE)"]
[Date "2016.07.23"]
[Round "2.4"]
[White "Ilandzis, Spyridon"]
[Black "Head, Louise"]
[Result "1-0"]
[WhiteElo "2211"]
[BlackElo "1991"]
[PlyCount "79"]
[EventDate "2016.07.22"]

1. b3 d5 2. Bb2 Nf6 3. e3 Bf5 4. f4 e6 5. Nf3 Nbd7 6. Be2 h6 7. O-O c6 8. Nh4
Bh7 9. f5 e5 10. c4 Bd6 11. cxd5 Nxd5 12. Nf3 Qe7 13. e4 N5f6 14. Nc3 O-O-O 15.
a3 g6 16. Nh4 Bc5+ 17. Kh1 Bd4 18. Qc2 Kb8 19. b4 Rhg8 20. b5 c5 21. a4 gxf5
22. Nxf5 Bxf5 23. Rxf5 Rg5 24. Raf1 Rdg8 25. Rxg5 Rxg5 26. a5 Qd8 27. Qb3 Qg8
28. Bf3 h5 29. a6 h4 30. h3 Nh5 31. Bxh5 Rxg2 32. Ne2 Nf6 33. Bxd4 Nxh5 34.
Bxe5+ Kc8 35. axb7+ Kxb7 36. Qd5+ Kc8 37. Qc6+ Kd8 38. Bc7+ Ke7 39. Qd6+ Ke8
40. Qd8# 1-0

[Event "B - CZECH OPEN 2016"]
[Site "Pardubice (CZE)"]
[Date "2016.07.23"]
[Round "2.5"]
[White "Thomson, Neil"]
[Black "Vaculik, Jakub"]
[Result "0-1"]
[WhiteElo "2006"]
[BlackElo "2210"]
[PlyCount "108"]
[EventDate "2016.07.22"]

1. e4 e6 2. d4 d5 3. Nd2 Be7 4. Ngf3 Nf6 5. e5 Nfd7 6. c3 c5 7. Bd3 Nc6 8. O-O
a6 9. Re1 b5 10. a3 Qb6 11. dxc5 Nxc5 12. Bc2 Bb7 13. Nb3 Nxb3 14. Bxb3 a5 15.
Be3 Qc7 16. Nd4 Nxd4 17. Bxd4 O-O 18. Qg4 Rfc8 19. f4 g6 20. Bc2 Bc5 21. Rad1
Re8 22. Re3 b4 23. Qh4 Qe7 24. Qxe7 Bxe7 25. cxb4 axb4 26. axb4 Rec8 27. Bc3
Bxb4 28. Bxb4 Rxc2 29. Rd2 Rc4 30. Bd6 Rxf4 31. Ra3 Rxa3 32. bxa3 g5 33. g3 Re4
34. Rb2 Ba6 35. Be7 Rxe5 36. Bf6 Re1+ 37. Kg2 h6 38. h4 gxh4 39. gxh4 h5 40.
Bg5 Re2+ 41. Rxe2 Bxe2 42. Kf2 Bb5 43. Ke3 Kg7 44. Kd4 f6 45. Bd2 Kg6 46. Kc5
Ba4 47. Kd6 Kf5 48. Bc3 Bb3 49. Kc5 e5 50. a4 d4 51. Bxd4 exd4 52. a5 d3 53. a6
d2 54. a7 Bd5 0-1

[Event "B - CZECH OPEN 2016"]
[Site "Pardubice (CZE)"]
[Date "2016.07.23"]
[Round "2.6"]
[White "Moroder, Stefan"]
[Black "Matejovsky, Ondrej"]
[Result "1-0"]
[WhiteElo "2209"]
[BlackElo "1990"]
[PlyCount "75"]
[EventDate "2016.07.22"]

1. c4 e5 2. a3 Nf6 3. d3 d5 4. cxd5 Nxd5 5. Nf3 Bd6 6. Nbd2 O-O 7. Qc2 Nc6 8.
e3 Bg4 9. Be2 Qf6 10. h3 Be6 11. g4 Qe7 12. b4 a5 13. b5 Na7 14. d4 exd4 15.
Nxd4 Bd7 16. Bb2 c6 17. Nf5 Bxf5 18. Qxf5 g6 19. Rg1 f6 20. Qe4 Rae8 21. Qxe7
Rxe7 22. bxc6 bxc6 23. Nc4 Bc7 24. Bd4 Ra8 25. a4 Nb4 26. O-O-O Nd5 27. Bf3 Nc8
28. Bc5 Rd7 29. Rd4 Be5 30. Nxe5 fxe5 31. Rd2 Rb8 32. e4 Rdb7 33. exd5 Rb1+ 34.
Kc2 Rxg1 35. dxc6 Kf7 36. Rd7+ Ke8 37. Bd5 Nd6 38. Bxd6 1-0

[Event "B - CZECH OPEN 2016"]
[Site "Pardubice (CZE)"]
[Date "2016.07.23"]
[Round "2.7"]
[White "Maslak, Alexander"]
[Black "Pozzobon, Davide"]
[Result "1/2-1/2"]
[WhiteElo "2195"]
[BlackElo "1988"]
[PlyCount "102"]
[EventDate "2016.07.22"]

1. e4 c5 2. Nf3 d6 3. d4 cxd4 4. Nxd4 Nf6 5. Nc3 g6 6. Be3 Bg7 7. f3 Nc6 8. Qd2
O-O 9. Bc4 Bd7 10. Bb3 Rc8 11. O-O-O Nxd4 12. Bxd4 b5 13. e5 dxe5 14. Bxe5 Bc6
15. Qxd8 Rfxd8 16. Rxd8+ Rxd8 17. Rd1 Bh6+ 18. Kb1 Rxd1+ 19. Nxd1 Nd5 20. Bd4
a6 21. c4 Nc7 22. Bb6 Ne6 23. Nc3 Nf4 24. g3 Nd3 25. cxb5 axb5 26. Nd5 Kf8 27.
f4 Bg7 28. Nc3 Nxb2 29. Kxb2 b4 30. Bc4 Ba4 31. Bb3 bxc3+ 32. Kc2 Bxb3+ 33.
axb3 e5 34. fxe5 Bxe5 35. Ba5 Bd4 36. Bxc3 Bg1 37. h3 Bf2 38. g4 f5 39. gxf5
gxf5 40. Kd3 Ke7 41. Bd4 Be1 42. Bc3 Bf2 43. b4 Kd6 44. Bd4 Be1 45. b5 Kd5 46.
Bg1 Bb4 47. Be3 Bc5 48. h4 Bxe3 49. Kxe3 Kc5 50. Kf4 Kxb5 51. Kxf5 Kc6 1/2-1/2

[Event "B - CZECH OPEN 2016"]
[Site "Pardubice (CZE)"]
[Date "2016.07.23"]
[Round "2.8"]
[White "Clancy, Jonathan"]
[Black "Rozic, Samo"]
[Result "1-0"]
[WhiteElo "2004"]
[BlackElo "2182"]
[PlyCount "53"]
[EventDate "2016.07.22"]

1. d4 e6 2. c4 f5 3. Nc3 Nf6 4. e3 Bb4 5. Qc2 b6 6. Bd3 Bb7 7. f3 Qe7 8. Nge2
Nc6 9. a3 Bxc3+ 10. Qxc3 O-O-O 11. O-O g5 12. b4 g4 13. f4 Kb8 14. Bd2 Rdg8 15.
b5 Nd8 16. a4 Ne4 17. Bxe4 Bxe4 18. a5 d6 19. Qa3 Qh4 20. axb6 axb6 21. c5 bxc5
22. dxc5 dxc5 23. Qxc5 Bxg2 24. Rfc1 Rg7 25. Ba5 Nc6 26. bxc6 g3 27. Qa7+ 1-0

[Event "B - CZECH OPEN 2016"]
[Site "Pardubice (CZE)"]
[Date "2016.07.23"]
[Round "2.9"]
[White "Bratuszewski, Jorden"]
[Black "Kolmakov, Pavel"]
[Result "0-1"]
[WhiteElo "1997"]
[BlackElo "2180"]
[PlyCount "120"]
[EventDate "2016.07.22"]

1. Nf3 c5 2. c4 g6 3. d4 cxd4 4. Nxd4 Bg7 5. e4 Nc6 6. Be3 Nf6 7. Nc3 O-O 8.
Be2 d6 9. O-O Nxd4 10. Bxd4 Be6 11. Qd2 Qa5 12. Rfd1 Rfc8 13. b3 a6 14. f3 Nd7
15. Rac1 Bxd4+ 16. Qxd4 Qc5 17. Qxc5 Rxc5 18. a4 Rc6 19. Rd2 Rb6 20. Rb2 Nc5
21. Rcb1 a5 22. Kf2 Kf8 23. Ke3 Na6 24. Nb5 Rc6 25. f4 Rcc8 26. Rd2 Nc5 27. Bf3
Bd7 28. Nc3 Bc6 29. Bg4 Rd8 30. Bf3 f6 31. g3 Kf7 32. Ne2 Ra6 33. Nc1 Rb6 34.
Rdb2 e5 35. Nd3 exf4+ 36. gxf4 Nxe4 37. Bxe4 Re8 38. Nf2 Bxe4 39. Nxe4 f5 40.
Rd2 Rxe4+ 41. Kf3 Rxc4 42. bxc4 Rxb1 43. Rxd6 Rb3+ 44. Kf2 Ke7 45. Rd5 b6 46.
c5 bxc5 47. Rxc5 Rb4 48. Rxa5 Rxf4+ 49. Kg3 Rg4+ 50. Kf3 Kf6 51. Ra8 Kg5 52. a5
Ra4 53. a6 Ra3+ 54. Kg2 Kg4 55. Rh8 Ra2+ 56. Kg1 Kf3 57. h4 Kg3 58. Kf1 f4 59.
Rxh7 f3 60. Re7 Rxa6 0-1

[Event "B - CZECH OPEN 2016"]
[Site "Pardubice (CZE)"]
[Date "2016.07.23"]
[Round "2.10"]
[White "Luebsen, Keno"]
[Black "Wagner, Bernd"]
[Result "1/2-1/2"]
[WhiteElo "1995"]
[BlackElo "2175"]
[PlyCount "82"]
[EventDate "2016.07.22"]

1. d4 Nf6 2. c4 e6 3. g3 d5 4. Nf3 Bb4+ 5. Bd2 Be7 6. Bg2 dxc4 7. Qc2 Bd7 8.
Ne5 Bc6 9. Nxc6 Nxc6 10. e3 e5 11. Qxc4 exd4 12. Bxc6+ bxc6 13. Qxc6+ Kf8 14.
exd4 Rb8 15. Bc3 Rb6 16. Qf3 Re6+ 17. Kf1 h5 18. h3 h4 19. g4 Ne4 20. Kg2 Rhh6
21. d5 Qxd5 22. Rd1 Qc6 23. Nd2 Nxc3 24. bxc3 Qxf3+ 25. Nxf3 Rc6 26. Rab1 Rb6
27. Rb3 Rhc6 28. Rd3 Bf6 29. Ra3 a6 30. g5 Be7 31. Ra5 Rb5 32. Rxb5 axb5 33.
Rd5 Rxc3 34. Rxb5 Bc5 35. Rb2 Rc4 36. Re2 Bd6 37. Ne5 Ra4 38. Kf3 Ra3+ 39. Kg4
Bxe5 40. Rxe5 Rxa2 41. Rc5 Rxf2 1/2-1/2

[Event "B - CZECH OPEN 2016"]
[Site "Pardubice (CZE)"]
[Date "2016.07.24"]
[Round "3.1"]
[White "SIMET, Martin"]
[Black "GRANOVSKIY, Alexandr"]
[Result "1/2-1/2"]
[WhiteElo "2058"]
[BlackElo "2292"]
[PlyCount "73"]
[EventDate "2016.07.22"]

1. d4 d5 2. Nf3 Nf6 3. Bf4 c5 4. e3 Nc6 5. c3 e6 6. Bd3 Bd6 7. Bxd6 Qxd6 8. O-O
O-O 9. Nbd2 e5 10. dxe5 Nxe5 11. Nxe5 Qxe5 12. Nf3 Qh5 13. c4 Be6 14. Qc2 Rac8
15. Rac1 a6 16. a4 dxc4 17. Bxc4 Bxc4 18. Qxc4 Qd5 19. Qe2 Qb3 20. Rc4 b5 21.
axb5 axb5 22. Rh4 Rfd8 23. e4 Qd3 24. Qe1 Nd7 25. Qc1 Nf8 26. Rg4 Rd6 27. Nh4
Ng6 28. Nf5 Rd7 29. Re1 Rcd8 30. Qxc5 Qe2 31. Qc3 Qxe1+ 32. Qxe1 Rd1 33. Kf1
R8d2 34. b3 Rxe1+ 35. Kxe1 Rb2 36. Rg3 b4 37. h4 1/2-1/2

[Event "B - CZECH OPEN 2016"]
[Site "Pardubice (CZE)"]
[Date "2016.07.24"]
[Round "3.2"]
[White "DORST, Johannes"]
[Black "POZUN, Matej"]
[Result "1-0"]
[WhiteElo "2215"]
[BlackElo "2078"]
[PlyCount "62"]
[EventDate "2016.07.22"]

1. e4 c5 2. Nf3 Nc6 3. Bb5 g6 4. Bxc6 dxc6 5. d3 Bg7 6. h3 Nf6 7. Nc3 Qc7 8.
Be3 b6 9. Qd2 e5 10. O-O O-O 11. Nh2 Nh5 12. Ne2 f5 13. exf5 gxf5 14. f4 e4 15.
dxe4 Ba6 16. e5 Rad8 17. Qe1 Kh8 18. Rf3 Bxe2 19. Qxe2 Bh6 20. Rd1 Rg8 21. Nf1
Qf7 22. Rxd8 Rxd8 23. b3 Rg8 24. Qf2 Qg6 25. Kh2 Qf7 26. Bd2 Ng7 27. Qh4 Qe6
28. Ng3 Qg6 29. Qf6 Re8 30. Rd3 Kg8 31. Rd6 Ne6 1-0

[Event "B - CZECH OPEN 2016"]
[Site "Pardubice (CZE)"]
[Date "2016.07.24"]
[Round "3.3"]
[White "GORBATENKO, Alexander"]
[Black "GANTAR, Jan"]
[Result "1/2-1/2"]
[WhiteElo "2053"]
[BlackElo "2215"]
[PlyCount "154"]
[EventDate "2016.07.22"]

1. Nf3 Nf6 2. c4 c5 3. Nc3 e6 4. e4 d5 5. cxd5 exd5 6. Bb5+ Nc6 7. exd5 Nxd5 8.
Qe2+ Be7 9. d4 O-O 10. Nxd5 Qxd5 11. Bc4 Qd8 12. dxc5 Bxc5 13. O-O Bg4 14. Qd3
Qxd3 15. Bxd3 Rad8 16. Be4 Rfe8 17. Bxc6 bxc6 18. Bf4 f6 19. Rac1 Rd5 20. a3
Re2 21. b4 Bb6 22. Bg3 c5 23. Rc4 Bxf3 24. gxf3 cxb4 25. Rxb4 Rd3 26. a4 Rxf3
27. a5 Bxa5 28. Rb7 Re1 29. Rxa7 Rxf1+ 30. Kxf1 Bb4 31. Rb7 Ba3 32. Kg2 Rd3 33.
Bb8 h6 34. Ba7 Kh7 35. Be3 Kg6 36. Ra7 Bb2 37. Rb7 Be5 38. Re7 Rb3 39. h3 Rc3
40. Kf1 Bd6 41. Rd7 Bf8 42. Kg2 Rc8 43. Rb7 Kh5 44. Rf7 Kg6 45. Rd7 Re8 46. Rb7
Kf5 47. Rf7 g6 48. Rb7 g5 49. Kf3 Re6 50. Rb5+ Kg6 51. Rb8 Bg7 52. Rb7 Ra6 53.
Rb5 Ra3 54. Kg2 f5 55. Rb6+ Kh5 56. Rb7 Bc3 57. Rb5 Ra5 58. Rxa5 Bxa5 59. f3
Bc7 60. Bc5 Bf4 61. Bf8 Kg6 62. Bc5 h5 63. Bd4 Kf7 64. Bb6 Ke6 65. Bd8 Kd5 66.
Kf2 Bc1 67. Bf6 Kc4 68. Ke2 Kc5 69. Kf2 Kd5 70. Bg7 Ba3 71. Bf6 Bc1 72. Bd8 Ke5
73. Bc7+ Kd4 74. Ke2 Bf4 75. Bd8 h4 76. Bf6+ Kc4 77. Bd8 Kd5 1/2-1/2

[Event "B - CZECH OPEN 2016"]
[Site "Pardubice (CZE)"]
[Date "2016.07.24"]
[Round "3.4"]
[White "JANSKA, Jitka"]
[Black "ILANDZIS, Spyridon"]
[Result "1-0"]
[WhiteElo "2034"]
[BlackElo "2211"]
[PlyCount "79"]
[EventDate "2016.07.22"]

1. e4 d5 2. exd5 Qxd5 3. Nc3 Qa5 4. d4 Nf6 5. Nf3 Bg4 6. h3 Bh5 7. g4 Bg6 8.
Ne5 e6 9. Bg2 c6 10. h4 Bb4 11. Bd2 Qb6 12. h5 Qxd4 13. Nf3 Qxg4 14. hxg6 Qxg2
15. gxf7+ Kf8 16. Rg1 Qh3 17. Bh6 Nbd7 18. Bxg7+ Ke7 19. Bxh8 Rxh8 20. Qd3 Nc5
21. Qe3 Nce4 22. O-O-O Bc5 23. Qf4 Bd6 24. f8=Q+ Rxf8 25. Rg7+ Ke8 26. Rxd6
Nxd6 27. Qxd6 Qh6+ 28. Rg5 Nd7 29. Qd2 Qh1+ 30. Ne1 h5 31. Rg7 Nb6 32. Qe3 Rf6
33. Ne4 Kf8 34. Nxf6 Kxg7 35. Qxe6 h4 36. Ne8+ Kf8 37. Nd6 Kg7 38. Kd2 Qh2 39.
Nf5+ Kh7 40. Qh6+ 1-0

[Event "B - CZECH OPEN 2016"]
[Site "Pardubice (CZE)"]
[Date "2016.07.24"]
[Round "3.5"]
[White "VACULIK, Jakub"]
[Black "CAGARA, Paulina"]
[Result "1-0"]
[WhiteElo "2210"]
[BlackElo "2052"]
[PlyCount "67"]
[EventDate "2016.07.22"]

1. d4 f5 2. Nc3 Nf6 3. Bg5 e6 4. e4 fxe4 5. Nxe4 Be7 6. Bxf6 Bxf6 7. Nf3 O-O 8.
Bd3 Nc6 9. c3 d5 10. Nxf6+ Qxf6 11. Qe2 Bd7 12. O-O Be8 13. Rae1 Bh5 14. Qxe6+
Qxe6 15. Rxe6 Bxf3 16. gxf3 Rxf3 17. Bb5 Nd8 18. Re7 c6 19. Ba4 Rb8 20. Rfe1
Rf7 21. Bc2 g6 22. h4 Kg7 23. h5 Kf6 24. Re8 gxh5 25. R1e5 Kg7 26. Rxh5 h6 27.
Rh3 Rd7 28. Rg3+ Kf7 29. Rgg8 Kf6 30. Kh2 b5 31. Bd1 a5 32. Bh5 b4 33. Rg6+ Kf7
34. Rd6+ 1-0

[Event "B - CZECH OPEN 2016"]
[Site "Pardubice (CZE)"]
[Date "2016.07.24"]
[Round "3.7"]
[White "KOLMAKOV, Pavel"]
[Black "SUBELJ, Jan"]
[Result "1-0"]
[WhiteElo "2180"]
[BlackElo "2042"]
[PlyCount "57"]
[EventDate "2016.07.22"]

1. e4 e5 2. Nf3 Nc6 3. Bb5 a6 4. Bxc6 dxc6 5. O-O Bg4 6. h3 h5 7. d3 Qf6 8.
Nbd2 Ne7 9. Re1 Ng6 10. d4 Bd6 11. hxg4 hxg4 12. dxe5 Bxe5 13. g3 O-O-O 14. Nh2
Rxh2 15. Qxg4+ Kb8 16. Nf3 Rdh8 17. Nxh2 Rxh2 18. Qf5 Rh8 19. Qxf6 Bxf6 20. f4
Bd4+ 21. Kg2 Ne7 22. c3 Bb6 23. Be3 Rd8 24. Bxb6 cxb6 25. Rad1 Re8 26. Kf3 Kc7
27. Rh1 f5 28. e5 Ng6 29. Rh5 1-0